000 00434nam a22001697a 4500
003 UA-OsUOA
001 6040
007 ta
008 20050721b un ||||| |||| 00| 0 ukr d
100 _aФедорчук
700 _aО. В.
942 _cBK
040 _aUA-OsUOA
_cUA-OsUOA
_dUA-OsUOA
245 _aРольова гра у навчанні усного мовл. на серед. ет..
_bSA Paper
955 _a2
650 7 _2UDC
999 _c292202
_d292202